[Event "SVK-ch U08"]
[Site "Liptovsky Mikulas"]
[Date "2016.04.17"]
[Round "2"]
[White "Dujava, Adam"]
[Black "Majera, Maros"]
[Result "1-0"]
[WhiteElo "1000"]
[BlackElo "1000"]
[PlyCount "77"]
[EventDate "2016.04.16"]
[EventType "swiss"]
[EventRounds "9"]
[EventCountry "SVK"]
[SourceTitle "CBM 172 Extra"]
[Source "ChessBase"]
[SourceDate "2016.06.21"]
[SourceVersion "1"]
[SourceVersionDate "2016.06.21"]
[SourceQuality "1"]

1. e4 e5 2. Nf3 f6 3. Bc4 Ne7 4. c3 d5 5. exd5 Nxd5 6. d4 Bg4 7. dxe5 fxe5 8. Bg5 Qxg5 9. Nxg5 Bxd1 10. Bxd5 Bg4 11. Nf7 Rg8 12. Nd6+ Bxd6 13. Bxg8 Nc6 14. 0-0 0-0-0 15. Bxh7 e4 16. Bxe4 Re8 17. Bxc6 bxc6 18. Nd2 Re2 19. Nc4 Bc5 20. Na5 Bd7 21. b4 Be7 22. Rfe1 Rd2 23. Rxe7 Bg4 24. f3 Bd7 25. Nc4 Rd3 26. Ne5 Rd6 27. Rxd7 Rxd7 28. Nxd7 Kxd7 29. Rd1+ Ke6 30. g4 Ke5 31. Kg2 Kf4 32. Rd4+ Ke5 33. h4 Ke6 34. h5 a5 35. bxa5 c5 36. Re4+ Kd5 37. a6 c4 38. a7 c6 39. a8Q 1-0